Statistics for Name The Band By Antonym

Click here to take the quiz!

General Stats

  • This quiz has been taken 25 times
  • The average score is 6 of 10

Answer Stats

HintAnswer% Correct
Green Cold PotatoesRed Hot Chili Peppers
100%
HotpauseColdplay
92%
Red NightGreen Day
92%
Good MoonsBad Suns
75%
Fully Dressed GentlemenBarenaked Ladies
54%
Your Natural HatredMy Chemical Romance
50%
Seventh Nose SightedThird Eye Blind
46%
Beautie GirlsBeastie Boys
29%
ClearBlur
25%
Wild LionTame Impala
25%

Score Distribution

Percentile by Number Answered

Percent of People with Each Score

Your Score History

You have not taken this quiz